LEADER 01031nam--2200373---450- 001 990001848720203316 005 20050302101011.0 035 $a000184872 035 $aUSA01000184872 035 $a(ALEPH)000184872USA01 035 $a000184872 100 $a20040713d1984----km-y0itay0103----ba 101 0 $aita 102 $aIT 105 $aa|||||||001yy 200 1 $aUmbria$ffotografie di Toni Nicolini 210 $aMilano$cTouring club italiano$dcopyr. 1984 215 $a279 p.$cill.$d27 cm 225 2 $aAttraverso l'Italia 410 0$12001$aAttraverso l'Italia 454 1$12001 461 1$1001-------$12001 606 0 $aUmbria$xFotografie 676 $a914.565 702 1$aNICOLINI,$bToni 801 0$aIT$bsalbc$gISBD 912 $a990001848720203316 951 $aIII.1. 796/12a (I C Coll 25/12 bis)$b14198 L.M.$cI C Coll 959 $aBK 969 $aUMA 979 $aSIAV4$b10$c20040713$lUSA01$h1735 979 $aCOPAT4$b90$c20050302$lUSA01$h1010 996 $aUmbria$9290065 997 $aUNISA